|
|
|
|
| LEADER |
02607nam a2200709 i 4500 |
| 001 |
nkc20152704040 |
| 003 |
CZ PrNK |
| 005 |
20210709115333.0 |
| 007 |
ta |
| 007 |
tc |
| 008 |
150602s2015 xr ah e f 000 0 cze |
| 015 |
|
|
|a cnb002704040
|
| 020 |
|
|
|a 978-80-905039-5-3
|q (kroužková vazba) :
|c samostatně neprodejné
|
| 035 |
|
|
|a (OCoLC)920662453
|
| 040 |
|
|
|a BOA001
|b cze
|d OLA001
|e rda
|
| 043 |
|
|
|a e-xr---
|b e-xr-mo
|2 czenas
|
| 045 |
|
|
|a y1y1
|
| 072 |
|
7 |
|a 37.014
|x Vzdělávací a výchovná politika
|2 Konspekt
|9 22
|
| 080 |
|
|
|a 719
|2 MRF
|
| 080 |
|
|
|a 7.025.3/.4
|2 MRF
|
| 080 |
|
|
|a 37.091.3
|2 MRF
|
| 080 |
|
|
|a 373.3
|2 MRF
|
| 080 |
|
|
|a 37.014.542
|2 MRF
|
| 080 |
|
|
|a (437.326)
|2 MRF
|
| 080 |
|
|
|a (036)
|2 MRF
|
| 080 |
|
|
|a (0.02)159.935
|2 MRF
|
| 100 |
1 |
|
|a Skalíková, Kateřina,
|d 1976-
|7 jx20120203027
|4 aut
|4 pht
|
| 245 |
1 |
0 |
|a Památkovaná :
|b školní projekt /
|c Kateřina Skalíková
|
| 246 |
1 |
|
|i Název v tiráži:
|a Památkovaná - školní projekt
|
| 250 |
|
|
|a Vydání první
|
| 264 |
|
1 |
|a Opava :
|b Za Opavu, zapsaný spolek,
|c 2015
|
| 300 |
|
|
|a 29 stran :
|b barevné ilustrace, faksimile ;
|c 30 cm
|
| 336 |
|
|
|a text
|b txt
|2 rdacontent
|
| 336 |
|
|
|a statický obraz
|b sti
|2 rdacontent
|
| 336 |
|
|
|a taktilní obraz
|b tci
|2 rdacontent
|
| 337 |
|
|
|a bez média
|b n
|2 rdamedia
|
| 338 |
|
|
|a svazek
|b nc
|2 rdacarrier
|
| 500 |
|
|
|a Název z obálky
|
| 500 |
|
|
|a Částečně tištěno Braillovým písmem
|
| 648 |
|
7 |
|a 2011-2020
|7 ch460589
|2 czenas
|
| 648 |
|
7 |
|a 2014-2015
|7 ch967330
|2 czenas
|
| 650 |
0 |
7 |
|a památková péče
|7 ph123918
|2 czenas
|
| 650 |
0 |
7 |
|a ochrana kulturního dědictví
|7 ph137196
|2 czenas
|
| 650 |
0 |
7 |
|a studium a výuka
|7 ph136700
|z Česko
|2 czenas
|
| 650 |
0 |
7 |
|a základní školy
|7 ph116795
|z Česko
|2 czenas
|
| 650 |
0 |
7 |
|a vzdělávací projekty
|7 ph242428
|z Česko
|y 2011-2020
|2 czenas
|
| 650 |
0 |
9 |
|a historic preservation
|2 eczenas
|
| 650 |
0 |
9 |
|a protection of cultural heritage
|2 eczenas
|
| 650 |
0 |
9 |
|a study and teaching
|z Czechia
|2 eczenas
|
| 650 |
0 |
9 |
|a elementary schools
|z Czechia
|2 eczenas
|
| 650 |
0 |
9 |
|a educational projects
|z Czechia
|y 2011-2020
|2 eczenas
|
| 651 |
|
7 |
|a Opava (Česko)
|7 ge130311
|2 czenas
|
| 651 |
|
9 |
|a Opava (Czechia)
|2 eczenas
|
| 655 |
|
7 |
|a informační publikace
|7 fd132454
|2 czenas
|
| 655 |
|
7 |
|a taktilní knihy
|7 fd1019934
|2 czenas
|
| 655 |
|
9 |
|a information publications
|2 eczenas
|
| 655 |
|
9 |
|a tactile books
|2 eczenas
|
| 910 |
2 |
|
|a BOA001
|b 4-1349.844
|
| 990 |
|
|
|a BK
|
| 995 |
|
|
|a 01
|
| 991 |
|
|
|b 201507
|c NOV
|e n
|
| 996 |
6 |
|
|b 2610638968
|c 4-1349.844
|l MZK
|r Sklad / do 1 hodiny
|n 0
|p p.v.
|w 001514506
|u 000010
|a 1
|e BOA001
|j MZK50
|s P
|